000 00399nam a2200181Ia 4500
005 20240823010541.0
008 240823s9999||||xx |||||||||||||| ||und||
041 _aENGLISH
082 _A620.106
100 _aPeppenger
245 0 _aFluid Power Control
250 _a1st
260 _b#VALUE!
500 _aTRANSFERED
650 _aFluid Power
_bMechanical
942 _cBK
999 _c158955
_d158955